00543nam a2200157 a 450000100100000000500170001000800410002704000250006810000330009324500540012626000530018030000210023304900090025495201050026399900170036800003310820200930070031.0110817s19uu dr 000 0 spa d aDO-SdBNPbspacBNPHU1 aEchavarría, Colón95790610aFrutos del amor prohibido /cColón Echavaría. aBuenos Aires, Argentina :bImp. López,c[196]. a174 p. ;c22 cm. aBNPD 0010718PDaPDbPDcCTd2011-08-17iLF1l0o p33108-10r2020-06-25w2020-06-25yLFPDZNo se presta c32599d32599